000 00390nam a22001337a 4500
005 20180122110754.0
008 180122b xxu||||| |||| 00| 0 eng d
040 _cPK-LaUMT
082 _aPKAC 297.74
_bSUK-
245 _aSukhan Dilnawaz(سخن دلنواز)
_cAmeer ud Din Mehar(Translator)
260 _aریاض:
_bشعبہ تحقیق و تالیف،
_c[ ]
300 _a125
942 _cBK
999 _c101947
_d101947